00863nam a2200205 a 450000100100000000500170001000800410002704000250006808200150009310000220010824501520013026000390028230000200032149000300034170000280037170000280039983000360042795201770046399900170064000003467820200930073832.0111018s1980 cl 000 0 spa d aDO-SdBNPbspacBNPHU axxxxbE93p1 aEvers, Ben96011010aPerspectivas de reajuste industrial : la comunidad económica europea y los paises en desarrollo. /cBen Evers, Gerard de Groot y Willy Wagenmans. aSantiago de Chile :bCEPAL,c1980. a76 p. ;c22 cm.1 aCuadernos de la CEPALv351 aGroot, Gerard de9601111 aWagenmans, Willy960112 0aCuadernos de la CEPALv3593079 001050718MOaGRbGRcCTd2011-10-18iLF1l0oxxxx E93pp34678-10r2020-06-25w2020-06-25y1zPerteneció a la biblioteca personal de Germán Emilio OrnesZNo se presta c34169d34169